000 00290nam a2200121 a 4500
001 4140
005 20140414131848.0
008 090218s19uu xx 00 eng d
050 _aM 428.2
_bM42 2003
100 _aMathur, Chandralekha
245 _aWorking with adjectives.
999 _c110055
_d110055